000 00506nam a2200205Ia 4500
003 OSt
005 20230324154929.0
008 210210b1897 xxu||||| |||| 00| 0 eng d
040 _cAL
041 _aeng
082 _a320/146
100 _aDICEY (A V)
_977611
245 _aIntroduction to the study of the law of the constitution
250 _a5
260 _aLondon
_bMacmillan & Co. Ltd.
_c1897
300 _axv,476
690 _aPolitical Science
_977612
906 _a001896
942 _2ddc
_cBK
999 _c117732
_d117732